00482nam a2200193 a 4500001001300000003000900013005001700022008004100039020001000080082001300090100002000103245002800123260003700151300000800188500003500196505001000231650002700241700002000268nice12345678IN_TiNIC20260116011435.0050524s1947 teha grp 000 0 per  ac10000a233bLEV aLevonion, Lutfu aAya Hayat Jawedani Hast aTehranbShirkat Taba Kitabc1947 a32p aincludes index and biblioraphy2 aIndex aMan-Christian Theology1 aLevonion, Lutfu